| 000 | 01618nam0a22003491 4500 | ||
|---|---|---|---|
| 001 | rc\3319613 | ||
| 005 | 20130115150838.9 | ||
| 021 |
_aRU _b[69-25866] |
||
| 035 | _a(NLR Aleph) 007543407 | ||
| 090 |
_a9775923 _c9775923 |
||
| 100 | _a20130115d1969 |||y0rusy50 ca | ||
| 101 | 0 | _arus | |
| 102 | _aRU | ||
| 105 | _aab z ||||| | ||
| 200 | 1 |
_aИстория Киргизии _eУчеб. пособие для сред. школы _e[IX-X классы] |
|
| 205 | _a4-е изд. | ||
| 210 |
_aФрунзе _cМектеп _d1969 |
||
| 215 |
_a243 с. _cил., карт. _d21 |
||
| 300 | _aНа пер. авт. не указаны | ||
| 300 | _aВ вып. дан. 1-й авт.: Джамгерчинов Бегимаалы Джамгерчинович | ||
| 300 | _aПеред загл. авт.: Джамгерчинов Б.Д., Шерстобитов В.П., Каниметов А.К. | ||
| 607 |
_aКиргизская ССР _xИстория _jУчебники и пособия _2psbo |
||
| 700 | 1 |
_6z01790 _aДжамгерчинов _bБ. Д. _f1914-1982 _gБегималы Джамгерчинович |
|
| 701 | 1 |
_aШерстобитов _bВ. П. _gВиктор Павлович |
|
| 701 | 1 |
_aКаниметов _bА. К. _gАбдылда Каниметович |
|
| 790 | 1 |
_6z01700 _aДжамгерчинов _bБ. Д. _f1914-1982 _gБегамаалы Джамгерчинович |
|
| 790 | 1 |
_6z01700 _aДжамгерчинов _bБ. Д. _f1914-1982 _gБегимаалы Джамгерчинович |
|
| 801 | 0 |
_aRU _bNLR _gpsbo |
|
| 801 | 1 |
_aRU _bELAR _2rusmarc |
|
| 852 |
_aNLR _j69-3/3150 |
||
| 942 | _cBOOK | ||
| 980 | _aNB | ||